000 00653nam a2200217Ii 4500
003 JO-AjNU
008 230605s9999||||xx |||||||||||||| ||und||
017 _a2001/6/1244
040 _aJO-AjNU
_bara
_erda
_cJO-AjNU
041 _aara
050 1 4 _aPJ6123 2001
100 3 _aتأليف الساحوري،نائل ,
_eauthor
_920241
245 0 0 _aالواضح في الإنشاء
250 _aط1
264 3 1 _aعمان: دار أسامة، 2001
300 _a136ص
336 _atext
_btxt
_2rdacontent
337 _aunmediated
_bn
_2rdamedia
338 _avolume
_bnc
_2rdacarrier
650 4 _aاللغة العربية-بناء الجمل
_920242
999 _aA6825
_c10393
_d10393